UBT Library

Automated process control systems : (Record no. 42394)

000 -LEADER
fixed length control field 00544pam a2200205 a 4500
001 - CONTROL NUMBER
control field 2405238
005 - DATE AND TIME OF LATEST TRANSACTION
control field 20180213073326.0
008 - FIXED-LENGTH DATA ELEMENTS--GENERAL INFORMATION
fixed length control field 860512s1987 njua 001 0 eng
010 ## - LIBRARY OF CONGRESS CONTROL NUMBER
LC control number 86012281
020 ## - INTERNATIONAL STANDARD BOOK NUMBER
International Standard Book Number 0130544795 :
Terms of availability $32.95
040 ## - CATALOGING SOURCE
Original cataloging agency DLC
Transcribing agency DLC
Modifying agency DLC
041 ## - LANGUAGE CODE
Language code of text/sound track or separate title eng
080 ## - UNIVERSAL DECIMAL CLASSIFICATION NUMBER
Universal Decimal Classification number 629.8 HUN
082 00 - DEWEY DECIMAL CLASSIFICATION NUMBER
Classification number 629.8 HUN
Edition number 19
100 1# - Rafti
Rafti 27
101 ## - Shkurtesa
Shkurtesa IM
245 10 - TITLE STATEMENT
Title Automated process control systems :
Statement of responsibility, etc Ronald P. Hunter.
906 ## - LOCAL DATA ELEMENT F, LDF (RLIN)
a 7
b cbc
c orignew
d 1
e ocip
f 19
g y-gencatlg
942 ## - ADDED ENTRY ELEMENTS (KOHA)
Source of classification or shelving scheme
Item type Books
Holdings
Withdrawn status Lost status Source of classification or shelving scheme Damaged status Not for loan Collection code Permanent location Current location Shelving location Date acquired Total Checkouts Full call number Barcode Date last seen Price effective from Koha item type
          Koleksioni i përgjithshem UBT - Lipjan UBT - Lipjan Koleksioni i përgjithshem 02/13/2018   629.8 HUN 002-2998073 02/13/2018 02/13/2018 Books
UBT Library © 2015-2024. All rights reserved University Education for Business and Technology